000 01140nam a22002297a 4500
005 20110708111942.0
008 110708t xxu||||| |||| 00| 0 mar d
010 _aMAR-21053
020 _c150.00
_a9788192095806
035 _aMR-13711
037 _bDBAD/PUB
040 _aDPL
_bMR
082 _a509.2
100 _aसहस्त्रबुद्धे,चंद्रकांत
_929276
245 _aशोध आणि शोधक /
_cचंद्रकांत सहस्त्रबुद्धे
246 _aShodh Aani Shodhak
_bby Chandakant Sahasrabuddhe
260 _aपुणे
_bहर्मिस प्रकाशन
_c2011
270 _aसव्र्हे नं. 694,शॉप नं.2, को-ऑप. सोसायटी. सातारा रस्ता
_bपुणे
_e411037
300 _a158पृ.
_c22सेमी(अजिल्द)
942 _2ddc
_cMR
_mसहस्त्र
_h509.2
999 _c53682
_d53682